书目信息 |
| 题名: |
PowerPoint 2010多媒体课件制作案例教程
|
|
| 作者: | 周文君 , 张玲 , 张晓彬 主编 | |
| 分册: | ||
| 出版信息: | 上海 上海交通大学出版社 2015 |
|
| 页数: | 197页 | |
| 开本: | 26cm | |
| 丛书名: | ||
| 单 册: | ||
| 中图分类: | G436 | |
| 科图分类: | ||
| 主题词: | 多媒体课件--duo mei ti ke jian--图形软件--高等学校--教材 | |
| 电子资源: | ||
| ISBN: | 978-7-313-12913-0 | |
| 000 | 01124nam0 2200289 45 | |
| 001 | 012001008044 | |
| 005 | 20131021180357.0 | |
| 010 | @a978-7-313-12913-0@dCNY39.80 | |
| 099 | @aCAL 012016010076 | |
| 100 | @a20160116d2015 em y0chiy50 ea | |
| 101 | 0 | @achi |
| 102 | @aCN@b310000 | |
| 105 | @aa a 000yy | |
| 106 | @ar | |
| 200 | 1 | @aPowerPoint 2010多媒体课件制作案例教程@APowerPoint 2010 duo mei ti ke jian zhi zuo an li jiao cheng@f主编周文君, 张玲, 张晓彬 |
| 210 | @a上海@c上海交通大学出版社@d2015 | |
| 215 | @a197页@c图@d26cm | |
| 320 | @a有书目 (第197页) | |
| 330 | @a本书内容涵盖多媒体课件制作基础知识, PPT课件制作快速入门, 设置PPT课件的内容和外观, 在PPT课件中应用视频、音频和Flash动画素材, 为PPT课件添加动画和交互效果, 放映和输出PPT课件, PPT课件制作常用技巧, PPT课件制作综合实例。 | |
| 333 | @a计算机精品教材 | |
| 606 | 0 | @a多媒体课件@Aduo mei ti ke jian@x图形软件@x高等学校@j教材 |
| 690 | @aG436@v5 | |
| 701 | 0 | @a周文君@Azhou wen jun@4主编 |
| 701 | 0 | @a张玲@Azhang ling@4主编 |
| 701 | 0 | @a张晓彬@Azhang xiao bin@4主编 |
| 801 | 2 | @aCN@b上海新华@c20191020 |
| 905 | @b1180506-10@dG436@e172@f5 | |
| PowerPoint 2010多媒体课件制作案例教程/主编周文君, 张玲, 张晓彬.-上海:上海交通大学出版社,2015 |
| 197页:图;26cm |
| 使用对象:计算机精品教材 |
| ISBN 978-7-313-12913-0:CNY39.80 |
| 本书内容涵盖多媒体课件制作基础知识, PPT课件制作快速入门, 设置PPT课件的内容和外观, 在PPT课件中应用视频、音频和Flash动画素材, 为PPT课件添加动画和交互效果, 放映和输出PPT课件, PPT课件制作常用技巧, PPT课件制作综合实例。 |
| ● |
| 相关链接 |
|
|
|
|
正题名:PowerPoint 2010多媒体课件制作案例教程
索取号:G436/172
 
预约/预借
| 序号 | 登录号 | 条形码 | 馆藏地/架位号 | 状态 | 备注 |
| 1 | 1180506 | 211805064 | 第一样本阅览室/ [索取号:G436/172] | 在馆 | |
| 2 | 1180507 | 211805073 | 第四借阅区/ [索取号:G436/172] | 在馆 | |
| 3 | 1180508 | 211805082 | 第四借阅区/ [索取号:G436/172] | 在馆 | |
| 4 | 1180509 | 211805091 | 第四借阅区/ [索取号:G436/172] | 在馆 | |
| 5 | 1180510 | 211805108 | 第四借阅区/ [索取号:G436/172] | 在馆 |